The new HR /

This book is about: The need for change in human resources; Self-assessment; Collecting feedback from internal customers; Budget and activity analysis; ...

محفوظ في:
التفاصيل البيبلوغرافية
المؤلف الرئيسي: Smilansky, Jonathan.
التنسيق: كتاب
اللغة:English
منشور في: London : International Thomson Business Press, 1997.
الموضوعات:
الوسوم: إضافة وسم
لا توجد وسوم, كن أول من يضع وسما على هذه التسجيلة!
Thư viện lưu trữ: Mạng thư viện Đại học Đà Nẵng
LEADER 01025cam a2200337 i 4500
001 000048828
003 8554
005 20051111141540.0
008 010320b1997 vm 000 eng
020 |a 186152112X 
040 |a IRC  |c IRC  |d IRC 
041 0 |a eng 
082 1 4 |a 658.3  |b SM-J 
100 1 |a Smilansky, Jonathan. 
245 0 4 |a The new HR /  |c Jonathan Smilansky. 
260 |a London :  |b International Thomson Business Press,  |c 1997. 
300 |a x, 124 p. :  |b ill. ;  |c 23.5cm. 
520 3 |a This book is about: The need for change in human resources; Self-assessment; Collecting feedback from internal customers; Budget and activity analysis; ... 
630 0 4 |a Personnel management. 
650 0 4 |a Personnel management. 
650 0 4 |a Personnel management  |z Great Britain. 
OWN |a DUT 
999 |a From the UDN01 
TYP |a Monograph 
TYP |a Printed language 
980 |a Mạng thư viện Đại học Đà Nẵng